000 01575cam a2200325 i 4500
001 22681163
003 EG-ScBUE
005 20250511094532.0
008 220706s2023 flua f b 001 0 eng d
020 _a9781032368931
040 _aDLC
_beng
_erda
_cDLC
_dEG-ScBUE
082 0 4 _a794.023
_222
_bSLA
100 1 _aSlack, Joe,
_eauthor.
245 1 4 _aThe board game designer's guide to careers in the industry /
_cJoe Slack.
264 1 _aBoca Raton, FL :
_bCRC Press, Taylor & Francis Group
_c2023.
300 _a107 pages :
_billustrations (black and white) ;
_c23 cm
336 _atext
_btxt
_2rdacontent
337 _aunmediated
_bn
_2rdamedia
338 _avolume
_bnc
_2rdacarrier
504 _aIncludes bibliographical references and index.
520 _a"In this book, you'll discover roles in the industry you didn't even know existed. Not only that, but you'll also learn what skills, experience, and education are necessary to land these jobs and start working in the board game industry"--
_cProvided by publisher.
650 7 _aBoard game industry
_xVocational guidance.
_2BUEsh
650 7 _aBoard games
_xDesign and construction.
_2BUEsh
653 _cMay2025
_bART
655 _vReading book
776 0 8 _iOnline version:
_aSlack, Joe.
_tBoardgame designer's guide to careers in the industry
_dBoca Raton, FL : CRC Press, 2023
_z9781003334408
_w(DLC) 2022024162
906 _a7
_bcbc
_corignew
_d1
_eecip
_f20
_gy-gencatlg
942 _2ddc
_cBB
999 _c30958
_d30929